000 00386 a2200145 4500
005 20250624105419.0
020 _a81-259-1658
082 _a658.15PAN
111 _aFINANCIAL MANAGEMENT
245 _aFINANCIAL MANAGEMENT
250 _a9th Ed
260 _aNew Delhi,
_bVicas Publishing House Pvt LMT,
_c2004.
300 _aXVI; 762P; ill, table, figure, table
_c27cm
942 _2ddc
_cBKS
999 _c4822
_d4822